<?xml version="1.0" encoding="UTF-8"?>
<record
    xmlns:xsi="http://www.w3.org/2001/XMLSchema-instance"
    xsi:schemaLocation="http://www.loc.gov/MARC21/slim http://www.loc.gov/standards/marcxml/schema/MARC21slim.xsd"
    xmlns="http://www.loc.gov/MARC21/slim">

  <leader>02148nam a22002777a 4500</leader>
  <controlfield tag="005">20230907114521.0</controlfield>
  <controlfield tag="008">230907b           ||||| |||| 00| 0 eng d</controlfield>
  <datafield tag="020" ind1=" " ind2=" ">
    <subfield code="a">9789356034105</subfield>
  </datafield>
  <datafield tag="040" ind1=" " ind2=" ">
    <subfield code="c">AL</subfield>
  </datafield>
  <datafield tag="041" ind1=" " ind2=" ">
    <subfield code="a">English</subfield>
  </datafield>
  <datafield tag="082" ind1=" " ind2=" ">
    <subfield code="2">23</subfield>
    <subfield code="a">657.46</subfield>
    <subfield code="b">SEKP</subfield>
  </datafield>
  <datafield tag="100" ind1=" " ind2=" ">
    <subfield code="a">G Sekar</subfield>
    <subfield code="9">132970</subfield>
  </datafield>
  <datafield tag="245" ind1=" " ind2=" ">
    <subfield code="a">Padhukas Handbook on Direct Taxes</subfield>
  </datafield>
  <datafield tag="250" ind1=" " ind2=" ">
    <subfield code="a">22.</subfield>
  </datafield>
  <datafield tag="260" ind1=" " ind2=" ">
    <subfield code="a">New Delhi</subfield>
    <subfield code="b">Commercial  Law Publishers (India) Pvt Ltd</subfield>
    <subfield code="c">2023</subfield>
  </datafield>
  <datafield tag="300" ind1=" " ind2=" ">
    <subfield code="a">1216 p.</subfield>
    <subfield code="b">PB</subfield>
    <subfield code="c">23.5X17 cm.</subfield>
  </datafield>
  <datafield tag="365" ind1=" " ind2=" ">
    <subfield code="a">4433</subfield>
    <subfield code="b">&#x20B9;1519.00</subfield>
    <subfield code="c">&#x20B9;</subfield>
    <subfield code="d">&#x20B9;1899.00</subfield>
    <subfield code="e">20%</subfield>
    <subfield code="f">05-09-2023</subfield>
  </datafield>
  <datafield tag="520" ind1=" " ind2=" ">
    <subfield code="a">Features/Highlights
Updated with Amendments made by Finance Act. 2023
All recent &amp; relevant Circulars. Notifications. Press Releases &amp; Court Decision updated.
Referencer Tables for Individuals. HUF. AOP. B01. AJP. Firms. Companies. Co-operative Societies for 10 assessments years.
Highlights and Summaries of Important Provisions/Contents of Direct Tax Laws under Fast Track Referencer.
Highly useful Fast Track Reference with 12 Segments.
Summary of Depreciation Schedule. Forms of Companies Act. 2013.
Overview of all Accounting Standards issued by ICAI.
Highly appreciated by IT Department Officials as an immediate Reference Book and User- Friendly Reckoner.
Only Book having Relevant Case Laws. Circulars and Notifications.
Beneficiaries &amp; Users of this Book include
Office of the Comptroller and Auditor General of India
Office of the Central Board of Direct Taxes. Chief Commissioners of Income-Tax for use by the Officers of TDS Wing, as well as DDOs
National Academy of Direct Taxes. Ministry of Finance. Nagpur.
Various Nationalized Banks like Indian Bank. State bank of India. Canara Bank. Corporation Bank etc. for use at their Branches.
Various Companies and Firms in the Manufacturing and Service Sector.
Finance. Investment &amp; Legal Professionals in practice &amp; service.
</subfield>
  </datafield>
  <datafield tag="650" ind1=" " ind2=" ">
    <subfield code="a">Assessment Year 2023-24 and 2024-25</subfield>
    <subfield code="9">132971</subfield>
  </datafield>
  <datafield tag="650" ind1=" " ind2=" ">
    <subfield code="a">Finance Act 2023</subfield>
    <subfield code="9">132972</subfield>
  </datafield>
  <datafield tag="650" ind1=" " ind2=" ">
    <subfield code="a">Ready Reckoner Tables</subfield>
    <subfield code="9">132973</subfield>
  </datafield>
  <datafield tag="650" ind1=" " ind2=" ">
    <subfield code="a">Relevent Case Law</subfield>
    <subfield code="9">132974</subfield>
  </datafield>
  <datafield tag="650" ind1=" " ind2=" ">
    <subfield code="a">Circulars and Notifications</subfield>
    <subfield code="9">132975</subfield>
  </datafield>
  <datafield tag="700" ind1=" " ind2=" ">
    <subfield code="a">SEKAR (G)</subfield>
    <subfield code="9">132895</subfield>
  </datafield>
  <datafield tag="942" ind1=" " ind2=" ">
    <subfield code="2">ddc</subfield>
    <subfield code="c">BK</subfield>
  </datafield>
  <datafield tag="999" ind1=" " ind2=" ">
    <subfield code="c">228693</subfield>
    <subfield code="d">228693</subfield>
  </datafield>
  <datafield tag="952" ind1=" " ind2=" ">
    <subfield code="0">0</subfield>
    <subfield code="1">0</subfield>
    <subfield code="2">ddc</subfield>
    <subfield code="4">0</subfield>
    <subfield code="7">0</subfield>
    <subfield code="8">COM</subfield>
    <subfield code="a">AL</subfield>
    <subfield code="b">AL</subfield>
    <subfield code="d">2023-09-06</subfield>
    <subfield code="e">Biblios Book Point Surathkal Mangalore 575014</subfield>
    <subfield code="g">1519.00</subfield>
    <subfield code="l">0</subfield>
    <subfield code="o">657.46 SEKP</subfield>
    <subfield code="p">076769</subfield>
    <subfield code="r">2023-09-07 00:00:00</subfield>
    <subfield code="v">1899.00</subfield>
    <subfield code="w">2023-09-07</subfield>
    <subfield code="y">BK</subfield>
  </datafield>
  <datafield tag="952" ind1=" " ind2=" ">
    <subfield code="0">0</subfield>
    <subfield code="1">0</subfield>
    <subfield code="2">ddc</subfield>
    <subfield code="4">0</subfield>
    <subfield code="7">0</subfield>
    <subfield code="8">COM</subfield>
    <subfield code="a">AL</subfield>
    <subfield code="b">AL</subfield>
    <subfield code="d">2023-09-06</subfield>
    <subfield code="e">Biblios Book Point Surathkal Mangalore 575014</subfield>
    <subfield code="g">1519.00</subfield>
    <subfield code="l">1</subfield>
    <subfield code="o">657.46 SEKP</subfield>
    <subfield code="p">076770</subfield>
    <subfield code="r">2024-05-17 00:00:00</subfield>
    <subfield code="s">2023-12-29</subfield>
    <subfield code="v">1899.00</subfield>
    <subfield code="w">2023-09-07</subfield>
    <subfield code="y">BK</subfield>
  </datafield>
</record>
